Derecho y turismo
Uloženo v:
| Hlavní autor: | |
|---|---|
| Médium: | Kniha |
| Jazyk: | španělština |
| Vydáno: |
Buenos Aires
Ediciones Turísticas
2007
|
| Vydání: | 1a. ed |
| Edice: | Temas de Turismo
|
| Témata: | |
| Tagy: |
Přidat tag
Žádné tagy, Buďte první, kdo vytvoří štítek k tomuto záznamu!
|
MARC
| LEADER | 00000nam a2200000 a 4500 | ||
|---|---|---|---|
| 001 | UCG2379 | ||
| 003 | CL-VaPUC | ||
| 008 | 100708e20070000AG |||||||||||||||||spa|d | ||
| 020 | |a 9879473655 | ||
| 082 | 0 | 4 | |a 340 |b CAS |2 21 |
| 100 | 0 | |a Casanova Ferro, Gonzalo |e author |9 550877 | |
| 245 | 1 | 0 | |a Derecho y turismo |
| 250 | |a 1a. ed | ||
| 300 | |a 176 p | ||
| 942 | |c BK | ||
| 945 | |d 20100708 00:00:00 |a dcastane | ||
| 260 | |a Buenos Aires |b Ediciones Turísticas |c 2007 | ||
| 650 | 7 | |a DERECHO |2 CL-VaPUC |9 550878 | |
| 650 | 0 | |a Turismo |9 308920 | |
| 583 | |a last modification |c 20100708 00:00:00 |k Rodrigo Vera | ||
| 490 | 0 | |a Temas de Turismo | |
| 999 | |c 341594 |d 341592 | ||